Fyziológia človeka pre študentov FTVŠ UK /

Hlavní autor: Štulrajter, Vojtech, 1936-
Korporativní autor: Univerzita Komenského v Bratislave. Fakulta telesnej výchovy a športu
Jazyk: Slovenština
Vydáno: Bratislava : Vydavateľstvo UK, 2008
Vydání: 5., nezmen. vyd.
Témata:
Fyzický popis: 188 s. : il. ; 29 cm
Knihy
Uloženo v:
LEADER 01381nam a2200349 a 4500
001 000892014
003 CZ BrMZK
005 20080502160946.0
007 ta
008 080404s2008 xo a e p 000 0 slo
020 |a 978-80-223-2368-0  |q (brož.) 
040 |a BOA001  |b cze 
072 7 |a 612  |x Fyziologie člověka a srovnávací fyziologie  |2 Konspekt  |9 14 
072 7 |a 37.016  |x Učební osnovy. Vyučovací předměty. Učebnice  |2 Konspekt  |9 22 
080 |a 612  |2 MRF 
080 |a (075.8)  |2 MRF 
100 1 |a Štulrajter, Vojtech,  |d 1936-  |7 mzk2003208591  |4 aut 
245 1 0 |a Fyziológia človeka pre študentov FTVŠ UK /  |c Vojtech Štulrajter 
250 |a 5., nezmen. vyd. 
260 |a Bratislava :  |b Vydavateľstvo UK,  |c 2008 
300 |a 188 s. :  |b il. ;  |c 29 cm 
500 |a Nad názvem: Fakulta telesnej výchovy a športu Univerzity Komenského 
500 |a 200 výt. 
504 |a Obsahuje bibliografii 
541 |a Bratislava, Centrum vedecko-technických informácií SR 
650 0 7 |a fyziologie člověka  |7 ph120451  |2 czenas 
655 7 |a učebnice vysokých škol  |7 fd133772  |2 czenas 
710 2 |a Univerzita Komenského v Bratislave.  |b Fakulta telesnej výchovy a športu  |7 kn20010710356 
910 2 |a BOA001  |b 3-1202.022 
990 |a BK 
991 |b 200805  |c NOV 
996 7 |b 2610339421  |c 3-1202.022  |l MZK  |r Sklad / do 1 hodiny  |n 3  |p vým.  |w 000892014  |u 000010  |a 1  |e BOA001  |j MZK50  |s A